000 00436nam a2200157Ia 4500
008 221030s9999 xx 000 0 und d
020 _a8120810535
041 _aEnglish
082 _a105.23
_bCom
100 _aD. E. Comer
245 0 _aInternetworking with TCP/IP Principles, Protocols & Architecture ( DEPARTMENTAL )
_cby D. E. Comer
260 _bPHI
_aNew Delhi
_c2001
300 _a613
650 _aCSE Departmental
942 _cBK
999 _c7981
_d7981